LEADER 05442nam 2200661Ia 450 001 9910458760303321 005 20200520144314.0 010 $a1-282-88673-8 010 $a9786612886737 010 $a0-08-087787-7 035 $a(CKB)2560000000003997 035 $a(EBL)631838 035 $a(OCoLC)500578789 035 $a(SSID)ssj0000386317 035 $a(PQKBManifestationID)12137648 035 $a(PQKBTitleCode)TC0000386317 035 $a(PQKBWorkID)10388848 035 $a(PQKB)10936773 035 $a(MiAaPQ)EBC631838 035 $a(Au-PeEL)EBL631838 035 $a(CaPaEBR)ebr10427860 035 $a(EXLCZ)992560000000003997 100 $a20090807d2010 uy 0 101 0 $aeng 135 $aur|n|---||||| 181 $ctxt 182 $cc 183 $acr 200 00$aBioactive foods in promoting health$b[electronic resource] $efruits and vegetables /$fedited by Ronald Ross Watson, Victor R. Preedy 210 $aAmsterdam ;$aBoston $cAcademic$d2010 215 $a1 online resource (754 p.) 300 $aDescription based upon print version of record. 311 $a0-12-374628-0 320 $aIncludes bibliographical references and index. 327 $aFront Cover; Bioactive Foods in Promoting Health; Copyright Page; Contents; Preface; Acknowledgments; Contributors; Section A: FRUIT AND VEGETABLES IN HEALTH PROMOTION; Chapter 1 Botanical Diversity in Vegetable and Fruit Intake: Potential Health Benefits; 1. OVERVIEW; 2. RATIONALE FOR USING BOTANICAL FAMILIES; 3. EVIDENCE FOR THE VALUE OF USING BOTANICAL FAMILIES; 4. TRANSLATION OF BOTANICAL FAMILY CONCEPTS TO DIETETIC PRACTICE; 5. SUMMARY; ACKNOWLEDGMENTS; References; Chapter 2 Vegetable and Fruit Intake and the Development of Cancer: A Brief Review and Analysis; 1. OVERVIEW 327 $a2. USE OF A PHARMACOLOGY ANALOGY TO REFRAME DISCUSSIONS OF THE VFCC3. THE PATHOGENESIS OF THE DISEASE; 4. DESIGNING A PLANT FOOD RICH DIET TO REDUCE CANCER RISK OR CANCER MORTALITY; 5. SUMMARY; ACKNOWLEDGMENTS; References; Chapter 3 Fruit and Vegetable Antioxidants in Health; 1. INTRODUCTION; 2. FIBER, MINERALS, AND ANTIOXIDANT ENZYMES; 3. PHYTOCHEMICAL ANTIOXIDANTS; 4. PHENOLIC DISTRIBUTION AND CHANGES DURING DEVELOPMENT; 5. ACTION OF PHYTOCHEMICAL ANTIOXIDANTS; 6. METHODS FOR ASSAYING ANTIOXIDANT CAPACITY; 7. PLASMA ORAC VALUES; 8. ANTIOXIDANT CAPACITY OF FRESH AND STORED PRODUCTS 327 $a9. ANTIOXIDANT CAPACITY OF PROCESSED FRUITS AND VEGETABLES10. ADDITIVE AND SYNERGIC ANTIOXIDANT EFFECTS; 11. NEW FOODS AND THE 'OMICS' DISCIPLINES; 12. FUNCTIONAL FOOD PRODUCTS; 13. SUMMARY; References; Chapter 4 Medicinal Activities of Essential Oils: Role in Disease Prevention; 1. INTRODUCTION; 2. ANTIOXIDANT ACTIVITIES; 3. ANTIVIRAL AND ANTIMICROBIAL ACTIVITIES; 4. ANTICARCINOGENIC ACTIVITIES; 5. ANTI-INFLAMMATORY ACTIVITIES; 6. SUMMARY; References; Chapter 5 Emerging Knowledge of the Bioactivity of Foods in the Diets of Indigenous North Americans; 1. INTRODUCTION 327 $a2. NATIVE TRIBES OF THE SONORAN DESERT3. SUBSISTENCE BERRIES OF NATIVE AMERICAN TRIBAL COMMUNITIES; 4. PACIFIC NORTHWEST NATIVE DIETS; 5. SUMMARY; References; Chapter 6 Barriers and Facilitating Factors Affecting Fruit and Vegetable Consumption; 1. INTRODUCTION; 2. CURRENT FRUIT AND VEGETABLE CONSUMPTION IN THE US, AND US DIETARY GUIDANCE; 3. BARRIERS INHIBITING FRUIT AND VEGETABLE CONSUMPTION; 4. FACILITATORS PROMOTING FRUIT AND VEGETABLE CONSUMPTION; 5. PSYCHOSOCIAL PREDICTORS OF FRUIT AND VEGETABLE CONSUMPTION; 6. RECOMMENDATIONS FOR PROMOTING FRUIT AND VEGETABLE CONSUMPTION; 7. SUMMARY 327 $aReferencesChapter 7 Healthy Eating: What Is the Role of the Economic Situation?; 1. INTRODUCTION; 2. ECONOMIC SITUATION AND SOCIOECONOMIC POSITION; 3. INCOME AND HEALTHY EATING; 4. ECONOMIC DIFFICULTIES AND HEALTHY EATING; 5. AFFORDABILITY: QUESTIONS OF FOOD COST AND PRICING; 6. AVAILABILITY AND ACCESS TO HEALTHY FOODS; 7. GENERAL DISCUSSION; 8. SUMMARY; References; Chapter 8 Trends in US Adult Fruit and Vegetable Consumption; 1. EVIDENCE SUMMARY; 2. DIETARY GUIDELINES; 3. FRUIT AND VEGETABLE INITIATIVES 327 $a4. TRENDS IN FRUIT AND VEGETABLE CONSUMPTION: DATA FROM NHANES III (1988-1994) AND NHANES 1999-2002 330 $aWhile everyone knows fruits and vegetables are beneficial to good health, it's increasingly seen as important to know which ones can be effective in treating specific illnesses. For example, which are good for cardiac care? Which can help combat and treat asthma? What are the safety concerns to be aware of when using herbs in combination with traditional medicines?Diet and nutrition are vital keys to controlling or promoting morbidity and mortality from chronic diseases, and the multitude of biomolecules in dietary fruits and vegetables play a crucial role in health maintenance. They 606 $aFunctional foods 606 $aVegetables in human nutrition 606 $aFruit in human nutrition 608 $aElectronic books. 615 0$aFunctional foods. 615 0$aVegetables in human nutrition. 615 0$aFruit in human nutrition. 676 $a613.28 701 $aWatson$b Ronald R$g(Ronald Ross)$0872276 701 $aPreedy$b Victor R$0858423 801 0$bMiAaPQ 801 1$bMiAaPQ 801 2$bMiAaPQ 906 $aBOOK 912 $a9910458760303321 996 $aBioactive foods in promoting health$92289853 997 $aUNINA LEADER 04341nam 2201021 450 001 9910824744403321 005 20211216213145.0 010 $a0-520-95738-5 024 7 $a10.1525/9780520957381 035 $a(CKB)2670000000491065 035 $a(EBL)1576639 035 $a(SSID)ssj0001060641 035 $a(PQKBManifestationID)12397395 035 $a(PQKBTitleCode)TC0001060641 035 $a(PQKBWorkID)11097735 035 $a(PQKB)10098807 035 $a(DE-B1597)519088 035 $a(OCoLC)1041906898 035 $a(DE-B1597)9780520957381 035 $a(Au-PeEL)EBL1576639 035 $a(CaPaEBR)ebr10814952 035 $a(CaONFJC)MIL550899 035 $a(OCoLC)865334372 035 $a(MiAaPQ)EBC1576639 035 $a(EXLCZ)992670000000491065 100 $a20131217d2014 uy 0 101 0 $aeng 135 $aurnn#---|u||u 181 $ctxt 182 $cc 183 $acr 200 04$aThe biology of chameleons /$fedited by Krystal A. Tolley and Anthony Herrel ; photo by Michele Menegon ; contributors, Christopher V. Anderson [and eleven others] 210 1$aBerkeley, California :$cUniversity of California Press,$d2014. 210 4$dİ2014 215 $a1 online resource (304 p.) 300 $aDescription based upon print version of record. 311 0 $a0-520-27605-1 320 $aIncludes bibliographical references and index. 327 $tFront matter --$tCONTENTS --$tCONTRIBUTORS --$tFOREWORD --$t1. Biology of the Chameleons: An Introduction --$t2. Chameleon Anatomy --$t3. Chameleon Physiology --$t4. Function and Adaptation of Chameleons --$t5. Ecology and Life History of Chameleons --$t6. Chameleon Behavior and Color Change --$t7. Evolution and Biogeography of Chameleons --$t8. Overview of the Systematics of the Chamaeleonidae --$t9. Fossil History of Chameleons --$t10.Chameleon Conservation --$tAPPENDIX --$tABBREVIATIONS --$tREFERENCES --$tPHOTO CREDITS --$tINDEX 330 $aThey change color depending on their mood. They possess uniquely adapted hands and feet distinct from other tetrapods. They feature independently movable eyes. This comprehensive volume delves into these fascinating details and thorough research about one of the most charismatic families of reptiles-Chameleonidae. Written for professional herpetologists, scholars, researchers, and students, this book takes readers on a voyage across time to discover everything that is known about chameleon biology: anatomy, physiology, adaptations, ecology, behavior, biogeography, phylogeny, classification, and conservation. A description of the natural history of chameleons is given, along with the fossil record and typical characteristics of each genus. The state of chameleons in the modern world is also depicted, complete with new information on the most serious threats to these remarkable reptiles. 606 $aChameleons 610 $aadaptation. 610 $aanatomy. 610 $abehavior study. 610 $abiogeography. 610 $abiology researchers. 610 $abiology students. 610 $abiology. 610 $achamaeleons. 610 $achameleon biology. 610 $achameleons. 610 $achange color. 610 $aclassification. 610 $aconservation. 610 $aecology. 610 $aevolution. 610 $afamily chamaeleonidae. 610 $afossil records. 610 $aherpetology. 610 $alizards. 610 $amoveable eyes. 610 $anatural history. 610 $aold world lizards. 610 $aphylogeny. 610 $aphysiology. 610 $aprehensile tail. 610 $aprofessional herpetologists. 610 $arange of colors. 610 $areptiles. 610 $ascience and math. 610 $ascience. 610 $ascientists. 610 $aspecies. 610 $atheoretical. 610 $azygodactylous feet. 615 0$aChameleons. 676 $a597.95/6 701 $aTolley$b Krystal$01648451 701 $aHerrel$b Anthony$01104106 701 $aMenegon$b Michele$01648452 701 $aAnderson$b Christopher V$01648453 801 0$bMiAaPQ 801 1$bMiAaPQ 801 2$bMiAaPQ 906 $aBOOK 912 $a9910824744403321 996 $aThe biology of chameleons$93996586 997 $aUNINA LEADER 03845nam 22006975 450 001 9910380738203321 005 20251010080527.0 010 $a9783030368180$b(electronic book) 010 $a3030368181 024 7 $a10.1007/978-3-030-36818-0 035 $a(CKB)4100000010473915 035 $a(MiAaPQ)EBC6121718 035 $a(DE-He213)978-3-030-36818-0 035 $a(Perlego)3480309 035 $a(MiAaPQ)EBC6122102 035 $a(EXLCZ)994100000010473915 100 $a20200225d2020 u| 0 101 0 $aeng 135 $aurcnu|||||||| 181 $2rdacontent 182 $2rdamedia 183 $2rdacarrier 200 10$aAsian and Asian American Women in Theology and Religion $eEmbodying Knowledge /$fedited by Kwok Pui-lan 205 $a1st ed. 2020. 210 1$aCham :$cSpringer International Publishing :$cImprint: Palgrave Macmillan,$d2020. 215 $a1 online resource (262 pages) 225 1 $aAsian Christianity in the Diaspora,$x2945-6940 311 08$a9783030368173 311 08$a3030368173 320 $aIncludes bibliographical references and index. 327 $a1. Introduction -- 2. The Process of Becoming for a Woman Warrior from the Slums -- 3. Anamnesis as a Source of Love -- 4. Taking Refuge in the Body to Know the Self Anew: Buddhism, Race, and Embodiment -- 5. Finding Home from the In-between Space for a Queer Asian American Christian Woman -- 6. When Buddha and Jesus Danced -- 7. Asian American Women?s History Is American Religious History -- 8. Dislocated: Early Modern Christian Women in Asia and Asian -- 9. Neither Here nor There! A Hermeneutics of Shuttling: Reflections of an Indian Postcolonial Feminist Biblical Critic -- 10. Inheriting Our Sisters? Wisdom: Kachin Feminist Theology -- 11. Self-Reflexity, Knowledge Production, and Cross-Racial Solidarity -- 12. Interreligious Learning and Intersectionality -- 13. Subversive Leadership of Asian and Asian American Women -- 14. Cultivating Moral Imagination in Theological Field Education -- 15. On Becoming Asian American Christian Ethicists -- 16. ?Last Night I Dreamed of Peace?: Letters to Women Who Hold Up the Moon. 330 $aThis book presents personal narratives and collective ethnography of the emergence and development of Asian and Asian American women?s scholarship in theology and religious studies. It demonstrates how the authors? religious scholarship is based on an embodied epistemology influenced by their social locations. Contributors reflect on their understanding of their identity and how this changed over time, the contribution of Asian and Asian American women to the scholarship work that they do, and their hopes for the future of their fields of study. The volume is multireligious and intergenerational, and is divided into four parts: identities and intellectual journeys, expanding knowledge, integrating knowledge and practice, and dialogue across generations. 410 0$aAsian Christianity in the Diaspora,$x2945-6940 606 $aReligions 606 $aEthnology$zAsia 606 $aCulture 606 $aAsia$xHistory 606 $aOriental literature 606 $aComparative Religion 606 $aAsian Culture 606 $aAsian History 606 $aAsian Literature 615 0$aReligions. 615 0$aEthnology 615 0$aCulture. 615 0$aAsia$xHistory. 615 0$aOriental literature. 615 14$aComparative Religion. 615 24$aAsian Culture. 615 24$aAsian History. 615 24$aAsian Literature. 676 $a200 676 $a950 702 $aKwok$b Pui-lan 801 0$bMiAaPQ 801 1$bMiAaPQ 801 2$bMiAaPQ 906 $aBOOK 912 $a9910380738203321 996 $aAsian and Asian American women in theology and religion$92208874 997 $aUNINA